000 00413nam a22001691c 4500
001 a987659178
008 071109s2007 gw |||| 000u rus d
041 _arus
100 1 _aČurbanov, Jurij M.
245 0 0 _aMoj test' Leonid Il'ič Brežnev
264 _aMoskva :
_bAlgoritm,
_c2007
300 _a255 S.
942 _cMG
040 _cRU-10907106
003 RU-10907106
999 _c19653
_d19653
490 0 _aPolitičeskij bestseller